000
00214nam a22000857a 4500
008
161213b xxu||||| |||| 00| 0 eng d
100
_9
2003
_a
Aneja.P.C.
245
_a
Deutsch Interessant-1
260
_a
New Delhi
_b
IBP
_c
2004
999
_c
4860
_d
4860